[Event "Eurasian Blitz Chess Cup"]
[Site "Almaty KAZ"]
[Date "2016.06.18"]
[Round "12.19"]
[White "Dreev, Aleksey"]
[Black "Sanikidze, Tornike"]
[Result "1-0"]
[WhiteTitle "GM"]
[BlackTitle "GM"]
[WhiteElo "2664"]
[BlackElo "2548"]
[WhiteFideId "4100107"]
[BlackFideId "13602608"]
[EventDate "2016.06.18"]

1. d4 d5 2. c4 e6 3. Nc3 Bb4 4. cxd5 exd5 5. Nf3 Nf6 6. Qa4+ Nc6 7. Bg5 h6 8.
Bxf6 Qxf6 9. e3 O-O 10. Be2 Be6 11. O-O a6 12. Rac1 Bd6 13. Qc2 Ne7 14. a3 h5
15. e4 dxe4 16. Nxe4 Qh6 17. Nxd6 cxd6 18. Qd2 Qg6 19. Qg5 Nd5 20. Qxg6 fxg6 21.
Ng5 Nf4 22. Bf3 Bd5 23. Bxd5+ Nxd5 24. Ne4 Rad8 25. g3 Rf3 26. Kg2 Rb3 27. Rc2
Rd3 28. Re1 Rxd4 29. Ng5 Rd3 30. h4 Rb3 31. Re6 Nf6 32. Rxd6 Rf8 33. Re6 Rd3 34.
Re7 Rd7 35. Rxd7 Nxd7 36. Rc7 Ne5 37. Rxb7 a5 38. b4 a4 39. Ra7 Nd3 40. f4 Rc8
41. Rxa4 Kf8 42. Ra7 Rc3 43. b5 Rb3 44. a4 Nc5 45. Kf2 Rb4 46. Ke3 Nxa4 47. Ne6+
Ke8 48. Nxg7+ Kd8 49. Ne6+ Kc8 50. Nd4 Nb6 51. Rg7 Nd5+ 52. Kd3 Ra4 53. Rxg6
Ra3+ 54. Ke4 Ne7 55. Rg7 Kd7 56. Nc6 Ra4+ 57. Kd3 Ra3+ 58. Kc4 Kd6 59. Rxe7 Ra4+
60. Kb3 Rc4 61. Re6+ Kc5 62. Re5+ 1-0

[Event "Eurasian Blitz Chess Cup"]
[Site "Almaty KAZ"]
[Date "2016.06.18"]
[Round "12.20"]
[White "Arutinian, David"]
[Black "Savchenko, Boris"]
[Result "0-1"]
[WhiteTitle "GM"]
[BlackTitle "GM"]
[WhiteElo "2527"]
[BlackElo "2633"]
[WhiteFideId "13601741"]
[BlackFideId "4147332"]
[EventDate "2016.06.18"]

1. Nf3 c5 2. c4 g6 3. d4 cxd4 4. Nxd4 Nc6 5. e4 d6 6. Nc3 Nxd4 7. Qxd4 Nf6 8.
Be2 Bg7 9. Be3 O-O 10. Qd2 a5 11. O-O a4 12. Rab1 Be6 13. Rfc1 Qa5 14. f3 Rfc8
15. b4 axb3 16. axb3 Qb4 17. Qe1 Nd7 18. Na4 Qxe1+ 19. Rxe1 f5 20. exf5 Bxf5 21.
Rbc1 Kf7 22. Bf1 h5 23. Bf2 Bh6 24. Be3 Bxe3+ 25. Rxe3 g5 26. Rce1 Re8 27. Bd3
Bxd3 28. Rxd3 Ra5 29. Rd4 Ne5 30. h4 g4 31. f4 Nc6 32. Rd5 Rxd5 33. cxd5 Nd4 34.
Re4 Nxb3 35. Rb4 Nc1 36. Nc3 Rc8 37. Ne4 Rc7 38. Ng5+ Kf6 39. Ne6 Ne2+ 40. Kf1
Rc2 41. Rxb7 Ng3+ 42. Ke1 Rxg2 43. Rb8 Kf5 44. Rb7 Ke4 45. Rxe7 Nf5 46. Ra7 Rb2
47. Ra4+ Kf3 48. Ng5+ Kg3 49. Ra3+ Kxh4 50. Ne4 g3 51. Kf1 Kh3 52. Ng5+ Kh2 53.
Nf3+ Kh1 54. Ra1 Rf2+ 55. Ke1 Rxf3 56. Ke2+ Kg2 0-1

[Event "Eurasian Blitz Chess Cup"]
[Site "Almaty KAZ"]
[Date "2016.06.18"]
[Round "12.21"]
[White "Vallejo Pons, Francisco"]
[Black "Ghaem Maghami, Ehsan"]
[Result "1/2-1/2"]
[WhiteTitle "GM"]
[BlackTitle "GM"]
[WhiteElo "2711"]
[BlackElo "2551"]
[WhiteFideId "2205530"]
[BlackFideId "12500739"]
[EventDate "2016.06.18"]

1. Nf3 c5 2. e4 e6 3. Nc3 a6 4. d4 cxd4 5. Nxd4 b5 6. g3 Bb7 7. Bg2 Nf6 8. O-O
b4 9. Na4 Bxe4 10. Bxe4 Nxe4 11. Re1 Nc5 12. c4 Nxa4 13. Qxa4 Bc5 14. Nb3 Be7
15. c5 Nc6 16. Bf4 O-O 17. Rad1 Qc8 18. Bd6 Bxd6 19. Rxd6 Ra7 20. Na5 Nxa5 21.
Qxa5 Rc7 22. Rc1 Rc6 23. Rxc6 Qxc6 24. Qxb4 d6 25. Qb6 Rc8 26. Qxc6 Rxc6 27. Rd1
Kf8 28. Rxd6 Rxd6 29. cxd6 Ke8 30. f4 Kd7 31. Kf2 Kxd6 32. Ke3 Kc5 33. Kd3 f6
34. Kc3 a5 35. a3 Kd5 36. b4 axb4+ 37. axb4 h5 38. Kd3 Kd6 39. Kd4 Kc6 40. Kc4
Kb6 41. b5 g5 42. h4 gxf4 43. gxf4 e5 44. fxe5 fxe5 45. Kb4 e4 46. Kc4 e3 47.
Kd3 Kxb5 48. Kxe3 Kc6 49. Kf4 Kd7 50. Kg5 Ke8 1/2-1/2

[Event "Eurasian Blitz Chess Cup"]
[Site "Almaty KAZ"]
[Date "2016.06.18"]
[Round "12.22"]
[White "Jumabayev, Rinat"]
[Black "Yilmaz, Mustafa"]
[Result "0-1"]
[WhiteTitle "GM"]
[BlackTitle "GM"]
[WhiteElo "2613"]
[BlackElo "2613"]
[WhiteFideId "13702661"]
[BlackFideId "6302718"]
[EventDate "2016.06.18"]

1. d4 d6 2. Nf3 Nf6 3. g3 g6 4. Bg2 Bg7 5. c4 O-O 6. Nc3 Nc6 7. O-O e5 8. d5 Nb8
9. Ne1 a5 10. e4 Na6 11. a3 Nc5 12. Be3 Nfd7 13. b3 f5 14. exf5 gxf5 15. Rb1 e4
16. Ne2 Ne5 17. Nf4 Bd7 18. b4 axb4 19. axb4 Na4 20. Qb3 Nc3 21. Nh5 0-1

[Event "Eurasian Blitz Chess Cup"]
[Site "Almaty KAZ"]
[Date "2016.06.18"]
[Round "12.23"]
[White "Pantsulaia, Levan"]
[Black "Utegaliyev, Azamat"]
[Result "1-0"]
[WhiteTitle "GM"]
[WhiteElo "2612"]
[BlackElo "2494"]
[WhiteFideId "13602071"]
[BlackFideId "13702467"]
[EventDate "2016.06.18"]

1. Nf3 Nf6 2. g3 g6 3. b3 Bg7 4. Bb2 d6 5. d4 O-O 6. Bg2 Bf5 7. Nbd2 Qc8 8. O-O
Bh3 9. e4 Bxg2 10. Kxg2 Nfd7 11. h4 c5 12. c3 h5 13. d5 Na6 14. Qc2 b5 15. Rfe1
c4 16. Rec1 Rb8 17. b4 Nc7 18. a4 a6 19. axb5 axb5 20. Re1 e6 21. dxe6 Nxe6 22.
Nf1 Bh6 23. Bc1 Bg7 24. Ne3 Nf6 25. Ng5 Qc6 26. f3 d5 27. e5 Nd7 28. Rd1 Nxe5
29. Nxd5 Rfe8 30. Qe4 f5 31. Qc2 Nd3 32. Nxe6 Rxe6 33. Nf4 Ne1+ 34. Rxe1 Rxe1
35. Bb2 Re3 36. Qd1 Rbe8 37. Ra7 Bh6 38. Bc1 Rxc3 39. Bb2 Qf6 40. Qd5+ 1-0

[Event "Eurasian Blitz Chess Cup"]
[Site "Almaty KAZ"]
[Date "2016.06.18"]
[Round "12.24"]
[White "Kostenko, Petr"]
[Black "Fressinet, Laurent"]
[Result "0-1"]
[WhiteTitle "GM"]
[BlackTitle "GM"]
[WhiteElo "2476"]
[BlackElo "2687"]
[WhiteFideId "13700669"]
[BlackFideId "608742"]
[EventDate "2016.06.18"]

1. e4 e5 2. Nf3 Nc6 3. Bb5 Nf6 4. d3 Bc5 5. Bxc6 dxc6 6. Nbd2 Be6 7. Qe2 Nd7 8.
Nb3 Bb6 9. Ng5 Bxb3 10. axb3 f6 11. Nh3 O-O 12. O-O Nc5 13. Kh1 Ne6 14. f4 f5
15. exf5 Nd4 16. Qe4 Qd5 17. fxe5 Nxc2 18. Ra4 Nd4 19. Be3 Nxf5 20. Rxf5 Rxf5
21. Bxb6 Qxe4 22. dxe4 Rf1+ 23. Bg1 a5 24. Rd4 Re8 25. g3 Rxe5 26. Kg2 Rb1 27.
Rd7 Rxb2+ 28. Kf3 Rxb3+ 29. Kg4 Rxe4+ 30. Kf5 Re8 31. Bd4 Rb5+ 32. Kg4 Re4+ 33.
Kf3 Rxd4 34. Rxd4 Rb3+ 35. Ke4 b5 36. Ng5 Kf8 37. Nxh7+ Ke7 38. Kf4 a4 39. Re4+
Kd6 40. Nf8 a3 41. Re6+ Kd5 42. Re5+ Kc4 43. Re1 a2 44. Ra1 Ra3 45. Ne6 b4 46.
Rc1+ Kd5 47. Nxc7+ Kd6 48. Ne8+ Kd7 49. Nxg7 b3 50. Nf5 b2 51. Ra1 0-1

[Event "Eurasian Blitz Chess Cup"]
[Site "Almaty KAZ"]
[Date "2016.06.18"]
[Round "13.3"]
[White "Kasimdzhanov, Rustam"]
[Black "Mamedov, Rauf"]
[Result "1/2-1/2"]
[WhiteTitle "GM"]
[BlackTitle "GM"]
[WhiteElo "2703"]
[BlackElo "2655"]
[WhiteFideId "14200244"]
[BlackFideId "13401653"]
[EventDate "2016.06.18"]

1. e4 c5 2. Nf3 Nc6 3. Bb5 g6 4. O-O Bg7 5. Bxc6 bxc6 6. Re1 Nh6 7. c3 O-O 8. h3
f5 9. e5 Nf7 10. d3 Ba6 11. c4 e6 12. Nc3 g5 13. Be3 g4 14. hxg4 fxg4 15. Nh2 g3
16. fxg3 Nxe5 17. Bxc5 d6 18. Be3 Rb8 19. Qd2 c5 20. Re2 Qf6 21. Bf4 Qg6 22. Rd1
Bb7 23. Nb5 Rbd8 24. Nxd6 Rxd6 25. Bxe5 Bh6 26. Qc3 Rd7 27. g4 Rdf7 28. Bg3 Bg7
29. Be5 Bh6 30. Bg3 Bg7 31. Be5 1/2-1/2

[Event "Eurasian Blitz Chess Cup"]
[Site "Almaty KAZ"]
[Date "2016.06.18"]
[Round "13.7"]
[White "Kovalenko, Igor"]
[Black "Jobava, Baadur"]
[Result "0-1"]
[WhiteTitle "GM"]
[BlackTitle "GM"]
[WhiteElo "2668"]
[BlackElo "2669"]
[WhiteFideId "14117908"]
[BlackFideId "13601520"]
[EventDate "2016.06.18"]

1. c4 Nf6 2. Nc3 g6 3. e4 d6 4. d4 Bg7 5. Nf3 O-O 6. h3 c6 7. Be3 Na6 8. Qd2 Nc7
9. Bh6 e5 10. Bxg7 Kxg7 11. dxe5 dxe5 12. Qxd8 Rxd8 13. Nxe5 Re8 14. f4 Ne6 15.
g3 g5 16. Nd3 gxf4 17. gxf4 Nd4 18. Rg1+ Kf8 19. O-O-O Nxe4 20. Ne5 Nxc3 21.
Rxd4 Nxa2+ 22. Kc2 a5 23. Kb3 Nb4 24. Rd6 Be6 25. Ka4 Ke7 26. c5 b5+ 27. Bxb5
cxb5+ 28. Kxb5 f6 29. Rg7+ Kf8 30. Rxh7 fxe5 31. Rxe6 Rxe6 32. Rh8+ Kg7 33. Rxa8
exf4 34. Rxa5 f3 35. Ra3 f2 36. Rg3+ Rg6 37. Rf3 Rf6 38. Rxf2 Rxf2 39. Kxb4 Kf6
40. Kb5 Ke7 41. b4 Kd7 42. Kb6 Rh2 43. Kb7 Rb2 44. c6+ Kd6 0-1

[Event "Eurasian Blitz Chess Cup"]
[Site "Almaty KAZ"]
[Date "2016.06.18"]
[Round "13.8"]
[White "Kazhgaleyev, Murtas"]
[Black "Nepomniachtchi, Ian"]
[Result "1-0"]
[WhiteTitle "GM"]
[BlackTitle "GM"]
[WhiteElo "2582"]
[BlackElo "2719"]
[WhiteFideId "13700316"]
[BlackFideId "4168119"]
[EventDate "2016.06.18"]

1. d4 Nf6 2. c4 g6 3. g3 c6 4. Bg2 d5 5. Qa4 Nfd7 6. cxd5 Nb6 7. Qd1 cxd5 8. Nc3
Bg7 9. e3 O-O 10. Nge2 Nc6 11. O-O Bg4 12. h3 Bxe2 13. Qxe2 Rc8 14. Bd2 e6 15.
Rfc1 Qe7 16. Be1 a6 17. b3 Rc7 18. Qb2 Rfc8 19. Ne2 e5 20. dxe5 Nxe5 21. Rxc7
Rxc7 22. Bc3 Nd3 23. Qd2 Bxc3 24. Nxc3 Qf6 25. Qxd3 Rxc3 26. Qd1 h5 27. Rc1 Rc6
28. Rc2 Qe7 29. Rd2 Qc7 30. Qe2 h4 31. gxh4 Rc1+ 32. Rd1 Rc2 33. Rd2 Rc1+ 34.
Rd1 Rc2 35. Qg4 Nd7 36. Bxd5 Ne5 37. Qf4 Kg7 38. Kh1 f6 39. Rg1 Qd7 40. Bg2 Nd3
41. Qg3 Nxf2+ 42. Kh2 Ne4 43. Qf4 Qe6 44. Rf1 Rxa2 45. Kg1 Nd6 46. h5 gxh5 47.
Qg3+ Kf7 48. Rd1 Ne4 49. Qf3 Nc3 50. Qxh5+ Kg7 51. Re1 Rd2 52. Qf3 b5 53. Qg3+
Kf7 54. Qc7+ Qd7 55. Qxc3 Rd3 56. Qc5 Kg7 57. b4 Rd2 58. Qc6 Qd3 59. Qf3 Qc3 60.
Rf1 Rb2 61. Rd1 Rd2 62. Rxd2 Qxd2 63. Qf4 a5 64. bxa5 Qxa5 65. Qg4+ Kf8 66. Qc8+
Kg7 67. Qd7+ Kh6 68. Qd4 Kg7 69. Bf1 b4 70. Qg4+ Kf8 71. Bc4 Qa1+ 72. Kf2 Qb2+
73. Kg3 Qe5+ 74. Kf3 Qc3 75. Qg8+ Ke7 76. Qe6+ Kd8 77. Qd6+ Ke8 78. Qe6+ Kd8 79.
Bb5 Qd2 80. Qxf6+ Kc7 81. Qc6+ Kd8 82. Qb6+ Ke7 83. Qc5+ Kf7 84. Bc4+ Kg6 85.
Qc6+ Kg7 86. Qc7+ Kf6 87. Qf7+ Kg5 88. Qd5+ 1-0

[Event "Eurasian Blitz Chess Cup"]
[Site "Almaty KAZ"]
[Date "2016.06.18"]
[Round "13.9"]
[White "Moiseenko, Alexander"]
[Black "Aleksandrov, Aleksej"]
[Result "1-0"]
[WhiteTitle "GM"]
[BlackTitle "GM"]
[WhiteElo "2648"]
[BlackElo "2577"]
[WhiteFideId "14102560"]
[BlackFideId "13500139"]
[EventDate "2016.06.18"]

1. d4 d5 2. c4 e6 3. Nc3 Nf6 4. cxd5 exd5 5. Bg5 c6 6. e3 Be7 7. Bd3 O-O 8. Qc2
Nbd7 9. Nge2 Re8 10. O-O-O b6 11. Kb1 Bb7 12. h3 c5 13. g4 Rc8 14. Bxf6 Nxf6 15.
g5 Ne4 16. Bxe4 dxe4 17. dxc5 Qc7 18. cxb6 axb6 19. h4 b5 20. Qb3 b4 21. Nd5 Qa5
22. Nxe7+ Rxe7 23. Rd4 Ba6 24. Nf4 Rec7 25. Qxb4 Qf5 26. Qd6 g6 1-0

[Event "Eurasian Blitz Chess Cup"]
[Site "Almaty KAZ"]
[Date "2016.06.18"]
[Round "13.10"]
[White "Hou, Yifan"]
[Black "Shoker, Samy"]
[Result "1/2-1/2"]
[WhiteTitle "GM"]
[BlackTitle "GM"]
[WhiteElo "2663"]
[BlackElo "2489"]
[WhiteFideId "8602980"]
[BlackFideId "627143"]
[EventDate "2016.06.18"]

1. e4 g6 2. d4 Bg7 3. Nc3 d6 4. Be3 a6 5. f4 b5 6. Nf3 b4 7. Ne2 Bb7 8. Ng3 Nf6
9. Bd3 h5 10. e5 Nd5 11. Bd2 c5 12. e6 f5 13. Nh4 Qc8 14. Qe2 Nc6 15. c3 bxc3
16. bxc3 cxd4 17. Nxg6 dxc3 18. Nxf5 cxd2+ 19. Kf2 Bd4+ 20. Nxd4 Nxd4 21. Qxd2
Rg8 22. Rhe1 Qc3 23. Qxc3 Nxc3 24. Nh4 Rc8 25. g3 Kd8 26. f5 Rf8 27. Ng6 Rf6 28.
Nh4 Bd5 29. Ke3 Nc6 30. Ng6 Bxe6 31. fxe6 Rxe6+ 32. Kd2 Rxe1 33. Rxe1 Nxa2 34.
Nf4 Nab4 35. Ne6+ Kd7 36. Bf5 Ra8 37. Nf4+ 1/2-1/2

[Event "Eurasian Blitz Chess Cup"]
[Site "Almaty KAZ"]
[Date "2016.06.18"]
[Round "13.11"]
[White "Le, Quang Liem"]
[Black "Khusnutdinov, Rustam"]
[Result "1-0"]
[WhiteTitle "GM"]
[BlackTitle "GM"]
[WhiteElo "2718"]
[BlackElo "2476"]
[WhiteFideId "12401137"]
[BlackFideId "13701703"]
[EventDate "2016.06.18"]

1. d4 Nf6 2. c4 b6 3. Nc3 Bb7 4. d5 e6 5. a3 Bd6 6. e4 O-O 7. Bd3 exd5 8. cxd5
Re8 9. Nge2 Na6 10. b4 c6 11. O-O cxd5 12. exd5 Nc7 13. Bc4 Rc8 14. h3 Be5 15.
Ra2 h6 16. Qd3 a6 17. Be3 b5 18. Bb3 d6 19. Rd1 Na8 20. a4 bxa4 21. Bxa4 Re7 22.
Bc6 Bxc6 23. dxc6 Rxc6 24. Rxa6 Rxa6 25. Qxa6 Nc7 26. Qc6 Ne6 27. Nb5 Ne8 28.
Nec3 Bxc3 29. Qxc3 Qd7 30. Qc4 N6c7 31. Nc3 Re5 32. Bf4 Rf5 33. Bg3 Ne6 34. b5
Rc5 35. Qb4 Qb7 36. b6 Rc6 37. Nd5 Nc5 38. Qb5 Kf8 39. Ra1 Ne6 40. Ra7 Rc1+ 41.
Kh2 Qb8 42. b7 Rc5 43. Qb6 Nd8 44. Qxc5 1-0

[Event "Eurasian Blitz Chess Cup"]
[Site "Almaty KAZ"]
[Date "2016.06.18"]
[Round "13.12"]
[White "Pantsulaia, Levan"]
[Black "Jones, Gawain C B"]
[Result "0-1"]
[WhiteTitle "GM"]
[BlackTitle "GM"]
[WhiteElo "2612"]
[BlackElo "2650"]
[WhiteFideId "13602071"]
[BlackFideId "409561"]
[EventDate "2016.06.18"]

1. Nf3 Nf6 2. g3 g6 3. b3 Bg7 4. Bb2 O-O 5. Bg2 d6 6. d4 Nc6 7. O-O e5 8. dxe5
Ng4 9. Qd2 dxe5 10. h3 Nh6 11. e4 Qf6 12. Nc3 Rd8 13. Nd5 Qd6 14. Rfd1 Be6 15.
Qe3 Kh8 16. c4 Rd7 17. Rd2 Qf8 18. a4 f6 19. Ba3 Qd8 20. Rad1 Nf7 21. b4 Bh6 22.
Qc3 Bxd2 23. Rxd2 a5 24. b5 Nb4 25. g4 c6 26. Nxb4 axb4 27. Qxb4 Rxd2 28. Nxd2
c5 29. Qc3 b6 30. Qc2 Ra7 31. Bb2 Qa8 32. f4 Rxa4 33. f5 Bd7 34. Qd3 Be8 35.
fxg6 hxg6 36. h4 Ra2 37. Bc3 Qa3 38. g5 Qc1+ 39. Kh2 Ra3 40. Qd5 Qxc3 41. Nf3
Qe3 42. Qe6 Qf4+ 43. Kg1 Ra1+ 44. Kf2 Ra2+ 45. Kf1 Qc1+ 46. Ne1 Qf4+ 47. Bf3 Ra8
48. gxf6 Qxh4 49. Qxb6 Ra2 50. Qxc5 Kh7 51. b6 Qxf6 52. b7 Rb2 53. Qc7 Qd6 54.
Qc8 Bd7 55. c5 Qd2 0-1

[Event "Eurasian Blitz Chess Cup"]
[Site "Almaty KAZ"]
[Date "2016.06.18"]
[Round "13.13"]
[White "Dreev, Aleksey"]
[Black "Fressinet, Laurent"]
[Result "1-0"]
[WhiteTitle "GM"]
[BlackTitle "GM"]
[WhiteElo "2664"]
[BlackElo "2687"]
[WhiteFideId "4100107"]
[BlackFideId "608742"]
[EventDate "2016.06.18"]

1. d4 Nf6 2. Nf3 g6 3. g3 c5 4. c3 Bg7 5. Bg2 Na6 6. O-O O-O 7. Bg5 Qb6 8. Qb3
d6 9. Qxb6 axb6 10. Nbd2 h6 11. Bxf6 Bxf6 12. Nc4 b5 13. Nb6 Rb8 14. e3 Be6 15.
a3 Nc7 16. Nd2 Rfd8 17. Ne4 c4 18. Nxf6+ exf6 19. a4 d5 20. axb5 Rd6 21. Na4 b6
22. b3 Nxb5 23. bxc4 dxc4 24. Rfb1 Bd7 25. Rb4 Ra8 26. Bxa8 1-0

[Event "Eurasian Blitz Chess Cup"]
[Site "Almaty KAZ"]
[Date "2016.06.18"]
[Round "13.14"]
[White "Saric, Ivan"]
[Black "Anton Guijarro, David"]
[Result "1-0"]
[WhiteTitle "GM"]
[BlackTitle "GM"]
[WhiteElo "2660"]
[BlackElo "2627"]
[WhiteFideId "14508150"]
[BlackFideId "2285525"]
[EventDate "2016.06.18"]

1. e4 g6 2. d4 Bg7 3. Nc3 c6 4. f4 d5 5. e5 Nh6 6. Nf3 O-O 7. Be2 f6 8. O-O Bg4
9. h3 Bxf3 10. Bxf3 e6 11. Ne2 c5 12. c4 Nc6 13. cxd5 exd5 14. dxc5 fxe5 15.
Qxd5+ Kh8 16. fxe5 Nf5 17. Qxd8 Raxd8 18. Bf4 Rfe8 19. Rad1 Rxd1 20. Rxd1 Bxe5
21. Bxe5+ Rxe5 22. Rd5 Re7 23. Kf2 Kg7 24. a3 Rf7 25. b4 Nh4 26. Nd4 Nxd4 27.
Rxd4 Nxf3 28. gxf3 Re7 29. Rd6 Kh6 30. a4 Kg5 31. Kg3 Rc7 32. Rd5+ Kf6 33. Kf4
Ke7 34. a5 a6 35. Rd6 Rc8 36. Rb6 Rc7 37. h4 Kf7 38. Ke5 Ke7 39. f4 Rd7 40. c6
bxc6 41. Rxc6 Rb7 42. Rb6 Ra7 43. Kd5 Kd7 44. Kc5 Rc7+ 45. Kd5 Ra7 46. Rd6+ Ke7
47. Kc5 Ra8 48. Rc6 Kd7 49. Rf6 Ke7 50. Rb6 Kd7 51. Rb7+ Ke6 52. Rxh7 Rb8 53.
Ra7 Rb5+ 54. Kc4 Rf5 55. Rxa6+ Kd7 56. Rxg6 Rxf4+ 57. Kb5 Rxh4 58. a6 Kc7 59.
Rg7+ Kb8 60. Ka5 Rh5+ 61. b5 Rf5 62. Rd7 Rh5 63. Kb4 Kc8 64. a7 Rh4+ 65. Ka5 1-0

[Event "Eurasian Blitz Chess Cup"]
[Site "Almaty KAZ"]
[Date "2016.06.18"]
[Round "13.16"]
[White "Vallejo Pons, Francisco"]
[Black "Yilmaz, Mustafa"]
[Result "0-1"]
[WhiteTitle "GM"]
[BlackTitle "GM"]
[WhiteElo "2711"]
[BlackElo "2613"]
[WhiteFideId "2205530"]
[BlackFideId "6302718"]
[EventDate "2016.06.18"]

1. e4 d6 2. d4 Nf6 3. f3 e5 4. dxe5 dxe5 5. Qxd8+ Kxd8 6. Bc4 Ke8 7. Ne2 Bd6 8.
b3 Nbd7 9. Bb2 c6 10. a4 Rb8 11. Bd3 Nc5 12. Nc1 Nxd3+ 13. Nxd3 Nd7 14. Nd2 Bc7
15. Nc4 f6 16. Ba3 Kf7 17. O-O-O b6 18. Nb4 c5 19. Nc6 Rb7 20. Nd6+ Bxd6 21.
Rxd6 Rc7 22. Rhd1 Re8 23. Kb2 Nf8 24. b4 Bd7 25. b5 Rec8 26. Kb3 Bxc6 27. bxc6
Rxc6 28. Kc4 a6 29. c3 Ke7 30. R6d5 R6c7 31. Rd6 Rb7 32. a5 Nd7 33. Kd5 bxa5 34.
Re6+ Kf7 35. Rxa6 Nb6+ 36. Kd6 Rd7# 0-1

[Event "Eurasian Blitz Chess Cup"]
[Site "Almaty KAZ"]
[Date "2016.06.18"]
[Round "13.17"]
[White "Sjugirov, Sanan"]
[Black "Ehlvest, Jaan"]
[Result "1/2-1/2"]
[WhiteTitle "GM"]
[BlackTitle "GM"]
[WhiteElo "2665"]
[BlackElo "2524"]
[WhiteFideId "4189302"]
[BlackFideId "4500016"]
[EventDate "2016.06.18"]

1. d4 Nf6 2. Nf3 d5 3. Bg5 c5 4. e3 Nc6 5. c3 Ne4 6. Bh4 Qb6 7. Qc1 Bf5 8. Nbd2
e6 9. Be2 Rc8 10. O-O h6 11. Nxe4 Bxe4 12. Nd2 Bg6 13. dxc5 Bxc5 14. b4 Bd6 15.
Qb2 O-O 16. a3 Ne5 17. Bg3 Nd3 18. Bxd3 Bxd3 19. Rfd1 Bxg3 20. hxg3 Rc7 21. Nb3
Bg6 22. Rac1 Rfc8 23. Qd2 Qd6 24. Nd4 Qd7 25. Ne2 Qa4 26. Qb2 Bh5 27. f3 Bg6 28.
g4 b6 29. Kf2 a5 30. Rd4 Qe8 31. Qd2 Qe7 32. Kg1 axb4 33. Rxb4 Qd6 34. Qb2 Ra8
35. Kf2 Qc5 36. a4 Bd3 37. Nd4 Bc4 38. Ra1 e5 39. Nf5 Ra6 40. Rd1 Rca7 41. Qc2
b5 42. Rdb1 Rxa4 43. R1b2 Rxb4 44. cxb4 Qc7 45. Qc3 Kh7 46. f4 g6 47. Nh4 exf4
48. Nf3 fxe3+ 49. Qxe3 Qe7 50. Qd4 Rc7 51. g5 h5 52. Rb1 Qe4 53. Qb2 Bd3 54. Rc1
Rxc1 55. Qxc1 Qe2+ 56. Kg3 Qe6 57. Qc7 Be4 58. Ne5 Kg7 59. Kh2 Qf5 60. Kg1 h4
61. Qe7 Bd3 62. Nd7 Qf1+ 63. Kh2 Qf4+ 64. Kg1 Qf1+ 65. Kh2 Qf4+ 66. Kg1 1/2-1/2

[Event "Eurasian Blitz Chess Cup"]
[Site "Almaty KAZ"]
[Date "2016.06.18"]
[Round "13.18"]
[White "Volokitin, Andrei"]
[Black "Dzhumagaliev, Yan"]
[Result "0-1"]
[WhiteTitle "GM"]
[BlackTitle "FM"]
[WhiteElo "2624"]
[BlackElo "2400"]
[WhiteFideId "14107090"]
[BlackFideId "24100110"]
[EventDate "2016.06.18"]

1. e4 c5 2. Nf3 Nc6 3. d4 cxd4 4. Nxd4 e6 5. Nc3 Qc7 6. Be3 a6 7. Qd2 Nf6 8. f4
Bb4 9. Bd3 d5 10. e5 Ne4 11. Bxe4 dxe4 12. a3 Nxd4 13. axb4 Nf5 14. Nxe4 O-O 15.
Bc5 Rd8 16. Qf2 Qc6 17. Ng3 Nxg3 18. hxg3 b5 19. O-O Bb7 20. Rad1 Rd5 21. Bd6
Rc8 22. c3 Qc4 23. Rxd5 Qxd5 24. Qf3 Rc4 25. Qxd5 Bxd5 26. Ra1 Bb7 27. Rd1 Bd5
28. Kf2 f5 29. Bc5 Kf7 30. Ra1 Bb7 31. Rd1 Bd5 32. Rd2 h6 33. Rd1 Kg6 34. Ra1
Bb7 35. Rd1 Bd5 36. Bd4 Kf7 37. Rh1 Kg6 38. Rh4 Kf7 39. g4 Kg6 40. gxf5+ Kxf5
41. g3 Ke4 42. Bc5 Kd3 43. Rg4 g5 44. Bd4 Be4 45. fxg5 Bf5 46. Rh4 hxg5 47. Rh5
g4 48. b3 Rc8 49. Rh1 Kc2 50. Ra1 Rc6 51. Ke3 Kxb3 52. Rb1+ Bxb1 0-1

[Event "Eurasian Blitz Chess Cup"]
[Site "Almaty KAZ"]
[Date "2016.06.18"]
[Round "13.19"]
[White "Vahidov, Tair"]
[Black "Potkin, Vladimir"]
[Result "1/2-1/2"]
[WhiteTitle "GM"]
[BlackTitle "GM"]
[WhiteElo "2435"]
[BlackElo "2597"]
[WhiteFideId "14200155"]
[BlackFideId "4131061"]
[EventDate "2016.06.18"]

1. c4 e6 2. d4 d5 3. Nc3 c6 4. cxd5 exd5 5. Bf4 Bd6 6. Bxd6 Qxd6 7. e3 Bf5 8.
Nge2 Ne7 9. Ng3 Bg6 10. h4 h6 11. h5 Bh7 12. Qb3 b6 13. Be2 Nd7 14. Rc1 O-O 15.
a4 Nf6 16. Qa3 Qe6 17. O-O Nf5 18. Nxf5 Bxf5 19. b4 Bg4 20. b5 cxb5 21. axb5
Bxh5 22. Bxh5 Nxh5 23. Ne2 Qg4 24. f3 Qd7 25. Qb3 Rfc8 26. g4 Nf6 27. Nf4 Rxc1
28. Rxc1 a6 29. bxa6 Rxa6 30. Qb1 Ra3 31. Kf2 Qe8 32. Re1 b5 33. Re2 Rc3 34. Qb4
Qc6 35. Qe7 Rc2 36. Qd8+ Kh7 37. Qb8 Rxe2+ 38. Nxe2 Qc4 39. Qb7 b4 40. Qxf7 b3
41. Nf4 Qc2+ 42. Kg3 Qc8 43. Ne6 Qg8 44. Nf8+ Kh8 45. Ng6+ Kh7 46. Nf8+ 1/2-1/2

[Event "Eurasian Blitz Chess Cup"]
[Site "Almaty KAZ"]
[Date "2016.06.18"]
[Round "13.20"]
[White "Askarov, Bakhtiyar"]
[Black "Savchenko, Boris"]
[Result "1/2-1/2"]
[BlackTitle "GM"]
[WhiteElo "2409"]
[BlackElo "2633"]
[WhiteFideId "13701100"]
[BlackFideId "4147332"]
[EventDate "2016.06.18"]

1. d4 Nf6 2. Bf4 g6 3. e3 Bg7 4. h3 d6 5. c3 b6 6. Nf3 O-O 7. Be2 Bb7 8. O-O
Nbd7 9. a4 a6 10. Na3 Ne4 11. Bh2 e6 12. Ne1 e5 13. Nd3 Qe7 14. Bf3 Nxc3 15.
bxc3 e4 16. Be2 exd3 17. Bxd3 Rae8 18. Qe2 a5 19. Nb5 Nf6 20. Rfe1 Nd5 21. e4
Qd7 22. Qg4 f5 23. exf5 gxf5 24. Qh5 Rxe1+ 25. Rxe1 Bc6 26. g4 Bxb5 27. axb5 Nf6
28. Qxf5 Qxf5 29. Bxf5 Kh8 30. c4 a4 31. c5 Nd5 32. cxd6 cxd6 33. Bxd6 Rd8 34.
Be5 Nc3 35. Be6 a3 36. Ra1 Bxe5 37. dxe5 Re8 38. Bc4 Rc8 39. Be6 Re8 40. Bc4 Rc8
41. Be6 Re8 42. Rxa3 Nxb5 43. Bd7 Rxe5 44. Rb3 Nd4 45. Rxb6 h5 46. Rh6+ Kg7 47.
Rxh5 Rxh5 48. gxh5 Ne2+ 49. Kh2 Kh6 50. Bg4 Nf4 51. Kg3 Nd3 52. f4 Nxf4 1/2-1/2

[Event "Eurasian Blitz Chess Cup"]
[Site "Almaty KAZ"]
[Date "2016.06.18"]
[Round "13.21"]
[White "Bologan, Viktor"]
[Black "Gunina, Valentina"]
[Result "1-0"]
[WhiteTitle "GM"]
[BlackTitle "GM"]
[WhiteElo "2654"]
[BlackElo "2518"]
[WhiteFideId "13900048"]
[BlackFideId "4167570"]
[EventDate "2016.06.18"]

1. e4 c6 2. Nf3 d5 3. Nc3 Bg4 4. Be2 e6 5. h3 Bxf3 6. Bxf3 Nf6 7. d4 Bb4 8. e5
Nfd7 9. O-O c5 10. a3 Bxc3 11. bxc3 O-O 12. Rb1 b6 13. c4 Nc6 14. c3 Ne7 15. Bg5
f6 16. exf6 Nxf6 17. cxd5 exd5 18. dxc5 bxc5 19. c4 h6 20. Bxf6 Rxf6 21. cxd5
Qd6 22. Rb7 Nf5 23. Be4 Re8 24. Qg4 Ne7 25. Rxa7 Qe5 26. Re1 Kh8 27. Qd1 Nxd5
28. Ra8 Rxa8 29. Bxd5 Qb8 30. Bxa8 Qxa8 31. Qc1 Rg6 32. g3 Rc6 33. Qc3 Rc7 34.
Re6 c4 35. Rxh6+ Kg8 36. Rd6 Qf8 37. Rd4 Qf7 38. h4 Qe6 39. Rd8+ Kf7 40. Qf3+
Kg6 41. Qf4 Rf7 42. Rd6 1-0